000 00495nam a2200193Ia 4500
005 20240823010001.0
008 240823s9999||||xx |||||||||||||| ||und||
041 _aENGLISH
082 _A658.3152 N9
100 _aMustafa M
245 0 _aWorker s Participation in Management Concept and Practice
250 _a1st
260 _c1999
_b"Deep and Deep,New Delhi"
500 _aYES
650 _aManagement
_bManagement Studies
700 _a Onkar Sharma
942 _cBK
999 _c157300
_d157300